Brasil : proyecto de gimnasios polivalentes (Record no. 63401)
[ view plain ]
| 000 -CABECERA | |
|---|---|
| campo de control de longitud fija | 00531nam a2200181 a 4500 |
| 005 - FECHA Y HORA DE LA ÚLTIMA TRANSACCIÓN | |
| campo de control | 20210219152910.0 |
| 008 - ELEMENTOS DE LONGITUD FIJA--INFORMACIÓN GENERAL | |
| campo de control de longitud fija | 991125n 000 0 spa u |
| 035 ## - NÚMERO DE CONTROL DEL SISTEMA | |
| Número de control de sistema | UPN01000066260 |
| 222 ## - TÍTULO CLAVE | |
| Título clave | CONESCAL: |
| Información calificativa | REVISTA ESPECIALIZADA EN CONSTRUCCIONES ESCOLARES (MEXICO) |
| 245 ## - MENCIÓN DE TÍTULO | |
| Título | Brasil : proyecto de gimnasios polivalentes |
| 300 ## - DESCRIPCIÓN FÍSICA | |
| Extensión | 42-55 |
| 362 ## - FECHAS DE PUBLICACIÓN Y/O DESIGNACIÓN SECUENCIAL | |
| Fecha de publicación y/o designación secuencial | 1972, no. 23, (mar.) |
| 653 0# - TERMINO DE INDIZACION - NO CONTROLADO | |
| Término no controlado | BRASIL |
| 653 0# - TERMINO DE INDIZACION - NO CONTROLADO | |
| Término no controlado | CONSTRUCCIONES ESCOLARES |
| 653 0# - TERMINO DE INDIZACION - NO CONTROLADO | |
| Término no controlado | PROYECTOS ARQUITECTONICOS |
| 904 ## - ELEMENTOS DE DATOS D LOCAL, LDD (RLIN) | |
| a | AC |
| b | 004071 |
| 905 ## - TIPO DE MATERIAL | |
| Tipo de material | Articulo |
No items available.
